Asia per Last Letter Quiz Stats

 Plays Quiz Updated Dec 28, 2018

Challenge
Share
Tweet
Embed
Score 0/18 Timer 03:00
5 Plays Today
Last Letter Country or Capital % Correct
AAnkara, Armenia, Astana...
99.2%
NAfghanistan, Amman, Azerbaijan...
96.5%
SDamascus, Laos, Maldives...
84.4%
LIsrael, Kabul, Nepal...
84.4%
DBaghdad, Islamabad, Thailand
79%
QIraq
77.8%
RKuala Lumpur, Myanmar, Qatar...
76.6%
IAbu Dhabi, Brunei, Dili...
70.8%
MJerusalem, Vietnam
66.5%
Last Letter Country or Capital % Correct
EDushanbe, Male, Singapore...
66.3%
TAshgabat, Beirut, Kuwait...
64.2%
HBangladesh, Phnom Penh, Riyadh...
61.9%
GBeijing, Pyongyang
60.1%
OTokyo
55.1%
YKuwait City, Turkey
51.4%
KBangkok, Bishkek
48.4%
WMoscow, Naypyidaw
40.6%
UBaku, Kathmandu, Thimphu
31.9%

You're not logged in!

Compare scores with friends on all Sporcle quizzes.
OR
Log In

You Might Also Like...

Show Comments

Extras

Top Quizzes Today


Score Distribution

Your Account Isn't Verified!

In order to create a playlist on Sporcle, you need to verify the email address you used during registration. Go to your Sporcle Settings to finish the process.

Report this User

Report this user for behavior that violates our Community Guidelines.

Details: